Giáo trình thống kê kinh tế

שמור ב:
מידע ביבליוגרפי
מחבר ראשי: Trần Đức Thịnh
פורמט: ספר
שפה:Undetermined
יצא לאור: Hà Nội Thống kê 1984
נושאים:
תגים: הוספת תג
אין תגיות, היה/י הראשונ/ה לתייג את הרשומה!
Thư viện lưu trữ: Trung tâm Học liệu Trường Đại học Cần Thơ
LEADER 00501nam a2200169Ia 4500
001 CTU_5474
008 210402s9999 xx 000 0 und d
082 |a 330.0212 
082 |b Th312 
100 |a Trần Đức Thịnh 
245 0 |a Giáo trình thống kê kinh tế 
245 0 |c Trần Đức Thịnh 
260 |a Hà Nội 
260 |b Thống kê 
260 |c 1984 
650 |a economics - statistical methods 
980 |a Trung tâm Học liệu Trường Đại học Cần Thơ